000 00469nam a22001577a 4500
005 20260219100708.0
008 260219b |||||||| |||| 00| 0 eng d
020 _a9780815352587
050 _aBS 1192.5
_b.G46
100 _aGERICKE, JACO
245 _aA PHILOSOPHICAL THEOLOGY OF THE OLD TESTAMENT
260 _aLONDON
_bROUTLEDGE TAYLOR & FRANCIS GROUP
_c2020
300 _aVIII, 163P.
650 _aTHEOLOGY
_vBIBLE OLD TASTAMENT
_xPHYLOSOPHICAL THEOLOGY
942 _cBK
999 _c4544
_d4544